[Event "4NCL Division 1a"]
[Site "Birmingham, ENG ENG"]
[Date "2015.11.14"]
[Round "1.111"]
[White "Hawkins, Jonathan"]
[Black "Quillan, Gary"]
[Result "1-0"]
[WhiteElo "2563"]
[BlackElo "2305"]
[PlyCount "107"]
[EventDate "2015.11.14"]
[WhiteTeam "Cheddleton 1"]
[BlackTeam "Spirit of Atticus A"]

1. Nf3 Nf6 2. c4 c5 3. g3 g6 4. d4 cxd4 5. Nxd4 Bg7 6. Bg2 O-O 7. Nc3 Nc6 8.
O-O Nxd4 9. Qxd4 d6 10. Bg5 h6 11. Bd2 Bf5 12. Qf4 e5 13. Qe3 Qd7 14. Nd5 Nxd5
15. Bxd5 Be6 16. Qd3 Bxd5 17. Qxd5 Rfc8 18. e4 Rc5 19. Qd3 b5 20. cxb5 Qxb5 21.
Qxb5 Rxb5 22. b4 f5 23. f3 d5 24. Rac1 dxe4 25. fxe4 Rd8 26. Bc3 Rc8 27. exf5
gxf5 28. Kg2 Rb6 29. Bd2 Rd8 30. Be3 Rxb4 31. Rxf5 Rb2+ 32. Rf2 Rxf2+ 33. Kxf2
Rb8 34. Rc2 Rb7 35. Kf3 Kf7 36. g4 Ke7 37. Rc6 Rb2 38. Bxh6 Bxh6 39. Rxh6 Rxa2
40. g5 a5 41. h4 a4 42. h5 e4+ 43. Kxe4 Rh2 44. Kf5 a3 45. Ra6 Rxh5 46. Rxa3
Rh1 47. Kg6 Kf8 48. Ra8+ Ke7 49. Kg7 Rb1 50. g6 Rb7 51. Ra1 Ke6+ 52. Kh8 Rb8+
53. Kh7 Rb2 54. Rh1 1-0

[Event "4NCL Division 1a"]
[Site "Birmingham, ENG ENG"]
[Date "2015.11.14"]
[Round "1.112"]
[White "Lund, D Brett"]
[Black "Fodor, Tamas Jr"]
[Result "0-1"]
[WhiteElo "2280"]
[BlackElo "2491"]
[PlyCount "78"]
[EventDate "2015.11.14"]
[WhiteTeam "Spirit of Atticus A"]
[BlackTeam "Cheddleton 1"]

1. c4 e6 2. g3 d5 3. Bg2 Nf6 4. Nf3 d4 5. e3 c5 6. exd4 cxd4 7. O-O Nc6 8. d3
Be7 9. Na3 O-O 10. Rb1 e5 11. Re1 Nd7 12. Nc2 a5 13. a3 a4 14. Bd2 Re8 15. Nb4
Bf8 16. Ng5 h6 17. Nxf7 Kxf7 18. Bd5+ Re6 19. f4 g6 20. f5 gxf5 21. Qh5+ Ke7
22. Bxe6 Kxe6 23. Nd5 Nf6 24. Qg6 Bd7 25. Bb4 Bxb4 26. axb4 Qf8 27. b5 Ne7 28.
Rxe5+ Kxe5 29. Re1+ Kd6 30. Rxe7 Be6 31. Rxb7 Nxd5 32. cxd5 Kxd5 33. Qh5 Rc8
34. Qf3+ Kc5 35. Qd1 Bd5 36. Qc1+ Kb4 37. Qd2+ Kb3 38. Qd1+ Kxb2 39. Rd7 Rc1
0-1

[Event "4NCL Division 1a"]
[Site "Birmingham, ENG ENG"]
[Date "2015.11.14"]
[Round "1.113"]
[White "Hamitevici, Vladimir"]
[Black "House, Glenn L"]
[Result "1-0"]
[WhiteElo "2430"]
[BlackElo "2237"]
[PlyCount "83"]
[EventDate "2015.11.14"]
[WhiteTeam "Cheddleton 1"]
[BlackTeam "Spirit of Atticus A"]

1. d4 Nf6 2. Nf3 e6 3. e3 b6 4. Bd3 c5 5. O-O Be7 6. c4 O-O 7. d5 d6 8. h3 e5
9. e4 Na6 10. a3 Kh8 11. Nc3 Ng8 12. Qc2 Nc7 13. Kh2 Ne8 14. g3 g6 15. Ng1 Ng7
16. f4 f5 17. Nf3 exf4 18. Bxf4 g5 19. Bd2 g4 20. Ng1 gxh3 21. exf5 Nf6 22.
Nxh3 Ng4+ 23. Kg2 Ne5 24. Bh6 Bf6 25. Be2 Rg8 26. Qe4 a6 27. Bxg7+ Rxg7 28. Nf4
Raa7 29. Rh1 Rae7 30. Ne6 Qg8 31. Rh3 Nf7 32. Qf4 Ng5 33. Rah1 Nxh3 34. Rxh3
Be5 35. Qf3 Bxe6 36. dxe6 Rxg3+ 37. Rxg3 Bxg3 38. Nd5 Be5+ 39. Kf2 Rg7 40. f6
Rg1 41. f7 Bd4+ 42. Ne3 1-0

[Event "4NCL Division 1a"]
[Site "Birmingham, ENG ENG"]
[Date "2015.11.14"]
[Round "1.114"]
[White "Carleton, John J"]
[Black "Eggleston, David J"]
[Result "1-0"]
[WhiteElo "2290"]
[BlackElo "2399"]
[PlyCount "173"]
[EventDate "2015.11.14"]
[WhiteTeam "Spirit of Atticus A"]
[BlackTeam "Cheddleton 1"]

1. d4 Nf6 2. c4 e6 3. Nc3 Bb4 4. Qc2 O-O 5. e4 d5 6. e5 Ne4 7. a3 Bxc3+ 8. bxc3
c5 9. Bd3 Nc6 10. Ne2 cxd4 11. cxd4 Qa5+ 12. Kf1 f6 13. Bxe4 dxe4 14. exf6 Qf5
15. Be3 Qxf6 16. Rc1 e5 17. d5 Nd4 18. Qc3 Nxe2 19. Kxe2 Bg4+ 20. Kf1 b6 21. h3
Bh5 22. Rc2 Rae8 23. Kg1 Qh4 24. Kh2 Rf7 25. a4 Bg4 26. a5 Rf5 27. Kg1 Bd1 28.
Rd2 Qh5 29. d6 Ba4 30. axb6 axb6 31. Bxb6 Rf7 32. c5 Bc6 33. Kh2 Re6 34. Qe3
Rh6 35. Kg1 Rg6 36. d7 Rxd7 37. Qb3+ Kf8 38. Rxd7 Bxd7 39. Bc7 Qg5 40. Bd6+
Rxd6 41. cxd6 Qd2 42. Qe3 Qxd6 43. Qxe4 Bc6 44. Qxh7 e4 45. Qh8+ Kf7 46. Qh5+
Kf6 47. h4 Bd7 48. Qg5+ Kf7 49. Qe3 Qe5 50. f4 Qd5 51. Kf2 Qa2+ 52. Kg3 Qe6 53.
h5 Qg4+ 54. Kf2 Qe6 55. Rd1 Kg8 56. Kg1 Be8 57. Rd8 Kh7 58. Rd4 Bc6 59. Kf2 Qf5
60. Rd6 Bb7 61. Rb6 Bd5 62. h6 gxh6 63. Rb5 Qd7 64. Ra5 Bb7 65. Ra7 Qc6 66. Kg3
Qg6+ 67. Kh2 Qh5+ 68. Qh3 Qf7 69. Qg4 e3 70. Qc8 Bxc8 71. Rxf7+ Kg6 72. Re7 h5
73. Rxe3 h4 74. Re5 Bd7 75. Kg1 Bc8 76. Kf2 Bd7 77. Rg5+ Kh6 78. Ke3 Bc8 79.
Kd4 h3 80. gxh3 Bxh3 81. Ke5 Bc8 82. Kf6 Bd7 83. Rg2 Kh5 84. f5 Bc8 85. Rg5+
Kh4 86. Rg8 Bd7 87. Kg6 1-0

[Event "4NCL Division 1a"]
[Site "Birmingham, ENG ENG"]
[Date "2015.11.14"]
[Round "1.115"]
[White "Colovic, Aleksandar"]
[Black "Ivell, Nicholas W"]
[Result "1/2-1/2"]
[WhiteElo "2456"]
[BlackElo "2244"]
[PlyCount "68"]
[EventDate "2015.11.14"]
[WhiteTeam "Cheddleton 1"]
[BlackTeam "Spirit of Atticus A"]

1. d4 d5 2. c4 e6 3. Nc3 c5 4. cxd5 exd5 5. Nf3 Nc6 6. dxc5 d4 7. Na4 Bxc5 8.
Nxc5 Qa5+ 9. Bd2 Qxc5 10. Rc1 Qb6 11. e3 Nf6 12. Bc4 dxe3 13. Bxe3 Qb4+ 14. Kf1
Ne4 15. Qd5 Qe7 16. Ng5 Nxg5 17. Bxg5 Be6 18. Qxe6 fxe6 19. Bxe7 Kxe7 20. h4
Nd4 21. Rh3 Rac8 22. Rhc3 Rhd8 23. Bd3 Rxc3 24. Rxc3 h6 25. Be4 Rd7 26. g3 b6
27. Ke1 Kf6 28. Rd3 Ke5 29. Re3 Kf6 30. Rd3 Ke5 31. Re3 Kf6 32. f4 Nf5 33. Rc3
h5 34. Ke2 g6 {Remainder of both scoresheets illegible. Drawn after move 41.}
1/2-1/2

[Event "4NCL Division 1a"]
[Site "Birmingham, ENG ENG"]
[Date "2015.11.14"]
[Round "1.116"]
[White "Mitchell, Martin"]
[Black "Kirk, Ezra"]
[Result "0-1"]
[WhiteElo "2202"]
[BlackElo "2287"]
[PlyCount "70"]
[EventDate "2015.11.14"]
[WhiteTeam "Spirit of Atticus A"]
[BlackTeam "Cheddleton 1"]

1. d4 Nf6 2. c4 g6 3. Nc3 Bg7 4. e4 O-O 5. Be2 d6 6. Nf3 e5 7. d5 a5 8. Bg5 h6
9. Bh4 Na6 10. Nd2 Qe8 11. O-O Bd7 12. b3 Nh7 13. Kh1 h5 14. f3 Bf6 15. Bf2 Bg5
16. Rb1 h4 17. a3 h3 18. g3 Nc5 19. b4 axb4 20. axb4 Na4 21. Qc2 Nxc3 22. Qxc3
f5 23. exf5 Bxf5 24. Ne4 Bxe4 25. fxe4 Nf6 26. Be3 Bxe3 27. Qxe3 Ra2 28. Rf2
Kg7 29. Rbf1 Ng4 30. Rxf8 Nxe3 31. Rxe8 Rxe2 32. Re7+ Kh6 33. Kg1 Rg2+ 34. Kh1
Nxf1 35. Rxc7 Nxh2 0-1

[Event "4NCL Division 1a"]
[Site "Birmingham, ENG ENG"]
[Date "2015.11.14"]
[Round "1.117"]
[White "Radovanovic, Jovica"]
[Black "Jackson, Sheila"]
[Result "1-0"]
[WhiteElo "2320"]
[BlackElo "2148"]
[PlyCount "101"]
[EventDate "2015.11.14"]
[WhiteTeam "Cheddleton 1"]
[BlackTeam "Spirit of Atticus A"]

1. d4 Nf6 2. Nf3 e6 3. g3 b6 4. Bg2 Bb7 5. O-O Be7 6. c4 d6 7. d5 e5 8. Nc3
Nbd7 9. Nh4 O-O 10. Nf5 Re8 11. e4 Bf8 12. Be3 a5 13. h3 Ba6 14. b3 Nc5 15. Qc2
Bc8 16. Kh2 Kh8 17. Rae1 Bd7 18. g4 g6 19. Ng3 Bxg4 20. f4 Bd7 21. f5 Bg7 22.
Qd2 Rf8 23. Nd1 h5 24. Bg5 h4 25. Nh1 Qe7 26. Kg1 Kg8 27. Nhf2 gxf5 28. exf5
Bxf5 29. Ne3 Bg6 30. Neg4 Ncd7 31. Nd1 Rfe8 32. Rxf6 Nxf6 33. Rf1 Nh5 34. Bxe7
Rxe7 35. Qg5 Rae8 36. Qxh4 f5 37. Rxf5 Bxf5 38. Qxh5 Bh7 39. Qg5 Kh8 40. Nf6
Bxf6 41. Qxf6+ Rg7 42. Kh2 Kg8 43. Ne3 Rf8 44. Qe6+ Kh8 45. Ng4 Bf5 46. Qh6+
Kg8 47. Nf6+ Kf7 48. Bf3 Bg6 49. Qh4 Bf5 50. Bh5+ Bg6 51. Bg4 1-0

[Event "4NCL Division 1a"]
[Site "Birmingham, ENG ENG"]
[Date "2015.11.14"]
[Round "1.121"]
[White "Bauer, Christian"]
[Black "Tan, Justin"]
[Result "1-0"]
[WhiteElo "2627"]
[BlackElo "2446"]
[PlyCount "81"]
[EventDate "2015.11.14"]
[WhiteTeam "3Cs 1"]
[BlackTeam "Oxford 1"]

1. c4 e5 2. Nc3 Nf6 3. Nf3 Nc6 4. a3 g6 5. e3 Bg7 6. Qc2 O-O 7. Be2 a5 8. O-O
d6 9. d3 Re8 10. Rd1 Bf5 11. Nd2 Nb8 12. Nde4 Nbd7 13. Rb1 Bf8 14. b4 axb4 15.
axb4 c6 16. Ng3 Be6 17. d4 Qc7 18. e4 exd4 19. Rxd4 Nb6 20. Bf4 Qc8 21. Bxd6
Bg7 22. c5 Nfd7 23. e5 Nxe5 24. cxb6 Nf3+ 25. Bxf3 Bxd4 26. Bc5 Be5 27. Re1 Bg7
28. Nce4 Bd5 29. Rf1 Qd7 30. h3 f5 31. Nd6 Re6 32. Nc4 Bxf3 33. gxf3 Rae8 34.
Kg2 Re1 35. Nd6 Rxf1 36. Nxf1 Ra8 37. Qc4+ Kh8 38. Ne3 Bf6 39. Qf7 Qxf7 40.
Nxf7+ Kg7 41. Nd6 1-0

[Event "4NCL Division 1a"]
[Site "Birmingham, ENG ENG"]
[Date "2015.11.14"]
[Round "1.122"]
[White "Martins, David Pires Tavares"]
[Black "Gordon, Stephen J"]
[Result "1/2-1/2"]
[WhiteElo "2365"]
[BlackElo "2498"]
[PlyCount "105"]
[EventDate "2015.11.14"]
[WhiteTeam "Oxford 1"]
[BlackTeam "3Cs 1"]

1. Nf3 Nf6 2. g3 d5 3. Bg2 c6 4. O-O Bg4 5. d3 e6 6. c4 Be7 7. Qb3 Qb6 8. Be3
Qa6 9. cxd5 exd5 10. Nc3 O-O 11. Rfc1 Nbd7 12. a4 Bxf3 13. Bxf3 Rfe8 14. a5 Nf8
15. Qa4 Ne6 16. d4 Rad8 17. b4 Nc7 18. Bf4 Bd6 19. Bxd6 Rxd6 20. Qc2 Nb5 21. e3
Nxc3 22. Qxc3 Ne4 23. Qc2 Rf6 24. Be2 b5 25. axb6 Qxb6 26. Rf1 Qxb4 27. Rxa7 g6
28. Ra6 Qc3 29. Qxc3 Nxc3 30. Bd3 Ne4 31. Bxe4 Rxe4 32. Rc1 Ree6 33. Ra8+ Kg7
34. Rc8 g5 35. g4 h5 36. gxh5 Kh6 37. Kg2 Kxh5 38. Kg3 g4 39. Rh8+ Kg5 40. h4+
gxh3 41. Rxh3 Rh6 42. Rxh6 Rxh6 43. Ra1 Kf5 44. Kf3 Rh3+ 45. Ke2 Ke6 46. Ra6
Kd6 47. Kf1 Rh1+ 48. Kg2 Rc1 49. Kg3 Rc2 50. Ra7 f6 51. f3 Rc3 52. Kf4 c5 53.
Ra6+ 1/2-1/2

[Event "4NCL Division 1a"]
[Site "Birmingham, ENG ENG"]
[Date "2015.11.14"]
[Round "1.123"]
[White "Ashton, Adam G"]
[Black "Harvey, Marcus R"]
[Result "1/2-1/2"]
[WhiteElo "2385"]
[BlackElo "2341"]
[PlyCount "70"]
[EventDate "2015.11.14"]
[WhiteTeam "3Cs 1"]
[BlackTeam "Oxford 1"]

1. e4 e6 2. d4 d5 3. Nd2 c5 4. Ngf3 Nc6 5. exd5 exd5 6. Bb5 Bd6 7. dxc5 Bxc5 8.
O-O Nge7 9. Nb3 Bd6 10. Bg5 O-O 11. Bh4 Qb6 12. Be2 a5 13. a4 Re8 14. Bg3 Bxg3
15. hxg3 Nf5 16. Kh2 Re6 17. Ng5 Rh6+ 18. Nh3 Be6 19. g4 Nfd4 20. Nxd4 Nxd4 21.
c3 Qd6+ 22. Kg1 Nxe2+ 23. Qxe2 Rg6 24. f3 f5 25. g5 f4 26. Nf2 Rxg5 27. Rfe1
Kf7 28. Rad1 Re8 29. Rd4 Rf5 30. Qd2 Qc7 31. c4 Rd8 32. Qe2 Qe7 33. Qd2 Qc7 34.
Qe2 Qe7 35. Qd2 Qc7 1/2-1/2

[Event "4NCL Division 1a"]
[Site "Birmingham, ENG ENG"]
[Date "2015.11.14"]
[Round "1.124"]
[White "Claridge-Hansen, William"]
[Black "Longson, Alexander"]
[Result "1/2-1/2"]
[WhiteElo "2300"]
[BlackElo "2332"]
[PlyCount "64"]
[EventDate "2015.11.14"]
[WhiteTeam "Oxford 1"]
[BlackTeam "3Cs 1"]

1. c4 e6 2. g3 d5 3. Nf3 Nf6 4. Bg2 dxc4 5. Qa4+ Bd7 6. Qxc4 c5 7. Ne5 Qc8 8.
O-O Nc6 9. Nxc6 Bxc6 10. Nc3 Be7 11. d3 O-O 12. Be3 Bxg2 13. Kxg2 Qc6+ 14. f3
Nd5 15. Bf2 Rab8 16. a4 b6 17. e4 Nb4 18. Na2 Nxa2 19. Rxa2 Rbc8 20. Rc1 Qb7
21. Ra3 Qd7 22. Rb3 Rfd8 23. Ra1 Rb8 24. Be3 Qb7 25. Qc2 Rbc8 26. Rc1 Qd7 27.
Qc4 Rb8 28. Qa6 h6 29. Bf4 Rb7 30. Be3 Rbb8 31. Bf4 Rb7 32. Be3 Rbb8 1/2-1/2

[Event "4NCL Division 1a"]
[Site "Birmingham, ENG ENG"]
[Date "2015.11.14"]
[Round "1.125"]
[White "Horton, Andrew P"]
[Black "Rose, Matthew"]
[Result "0-1"]
[WhiteElo "2313"]
[BlackElo "2289"]
[PlyCount "110"]
[EventDate "2015.11.14"]
[WhiteTeam "3Cs 1"]
[BlackTeam "Oxford 1"]

1. Nf3 Nf6 2. c4 g6 3. g3 Bg7 4. Bg2 O-O 5. O-O d6 6. Nc3 e5 7. d3 Nc6 8. Rb1
a5 9. a3 Re8 10. Nd2 Bf5 11. b4 axb4 12. axb4 Qd7 13. b5 Nd8 14. Nd5 Nxd5 15.
cxd5 Bh3 16. Bxh3 Qxh3 17. Qc2 Qd7 18. Nc4 b6 19. e4 Nb7 20. Be3 Ra7 21. Rfc1
Rea8 22. Nd2 Nc5 23. Bxc5 dxc5 24. Nc4 f5 25. d6 f4 26. dxc7 Qxc7 27. Qc3 h5
28. Ra1 Kh7 29. Kg2 h4 30. gxh4 Qd7 31. Rab1 Qg4+ 32. Kh1 Ra2 33. Rc2 Qf3+ 34.
Kg1 Bf6 35. Rf1 Qg4+ 36. Kh1 Qf3+ 37. Kg1 g5 38. h5 Qxh5 39. Qb3 Qg4+ 40. Kh1
Qf3+ 41. Kg1 Ra1 42. Rcc1 R1a7 43. Qd1 Qh3 44. f3 g4 45. fxg4 Rg7 46. Qe2 Rxg4+
47. Kh1 Rag8 48. Rf3 Qh5 49. Nd2 Bh4 50. Rcf1 Bg3 51. Qg2 Rh4 52. R3f2 Bxf2 53.
Qxf2 Rhg4 54. Qf3 R8g6 55. h3 Qh4 0-1

[Event "4NCL Division 1a"]
[Site "Birmingham, ENG ENG"]
[Date "2015.11.14"]
[Round "1.126"]
[White "Hansen, Hans-Peter"]
[Black "Walton, Alan J"]
[Result "1/2-1/2"]
[WhiteElo "2261"]
[BlackElo "2194"]
[PlyCount "23"]
[EventDate "2015.11.14"]
[WhiteTeam "Oxford 1"]
[BlackTeam "3Cs 1"]

1. c4 f5 2. Nc3 Nf6 3. g3 d6 4. Bg2 e5 5. d4 Be7 6. Nf3 Nc6 7. O-O O-O 8. Nd5
e4 9. Nd2 Nxd4 10. Nxe4 Nxe2+ 11. Qxe2 fxe4 12. Nxf6+ 1/2-1/2

[Event "4NCL Division 1a"]
[Site "Birmingham, ENG ENG"]
[Date "2015.11.14"]
[Round "1.127"]
[White "Abbas, Daniel"]
[Black "Monev, Alexander"]
[Result "1/2-1/2"]
[WhiteElo "2245"]
[BlackElo "2161"]
[PlyCount "109"]
[EventDate "2015.11.14"]
[WhiteTeam "3Cs 1"]
[BlackTeam "Oxford 1"]

1. e4 c5 2. Nf3 e6 3. g3 Nc6 4. Bg2 Nf6 5. Qe2 d6 6. O-O Be7 7. c3 e5 8. h3 O-O
9. Rd1 Be6 10. d4 cxd4 11. cxd4 exd4 12. Nxd4 Nxd4 13. Rxd4 Qc8 14. Qf1 Nd7 15.
Nc3 Ne5 16. Nd5 Bxd5 17. Rxd5 Qc2 18. Rd2 Qc5 19. Rd5 Qc2 20. Qd1 Rac8 21. b3
f6 22. Ba3 Qxd1+ 23. Raxd1 Rc2 24. R5d2 Rxd2 25. Rxd2 Rd8 26. f4 Nc6 27. Kf2
Bf8 28. Bf1 g6 29. Bc4+ Kg7 30. Bd5 Rd7 31. Rc2 Rc7 32. Bb2 Be7 33. b4 a6 34.
a3 Bd8 35. Rc4 Kf8 36. a4 Ke7 37. h4 Kd7 38. b5 axb5 39. axb5 Na7 40. Rxc7+
Kxc7 41. Bg8 h6 42. Bc4 Kd7 43. Bd4 b6 44. h5 gxh5 45. f5 d5 46. exd5 Nc8 47.
Kf3 Nd6 48. Bd3 Nf7 49. Ke3 Kd6 50. Bc2 Ke7 51. Bc3 Bc7 52. Bd1 Bxg3 53. Bxh5
Nd6 54. Bb4 Kd8 55. Bxd6 1/2-1/2

[Event "4NCL Division 1a"]
[Site "Birmingham, ENG ENG"]
[Date "2015.11.14"]
[Round "1.131"]
[White "Parker, Jonathan F"]
[Black "Greet, Andrew N"]
[Result "1-0"]
[WhiteElo "2525"]
[BlackElo "2443"]
[PlyCount "135"]
[EventDate "2015.11.14"]
[WhiteTeam "Barbican 4NCL 1"]
[BlackTeam "Wood Green HK"]

1. Nf3 d5 2. g3 Bg4 3. Bg2 Nd7 4. O-O Ngf6 5. d3 c6 6. h3 Bxf3 7. Bxf3 e5 8. e4
dxe4 9. dxe4 Be7 10. Nd2 O-O 11. Qe2 Qc7 12. Nc4 Nc5 13. a4 a5 14. Bd2 Rfe8 15.
Bc3 Bf8 16. Rfd1 b6 17. b3 g6 18. Qe1 h5 19. h4 Bg7 20. Bg2 Nfd7 21. Qe3 Rab8
22. b4 axb4 23. Bxb4 Bf8 24. Bh3 Nf6 25. a5 Ncd7 26. Bd6 Bxd6 27. Nxd6 Red8 28.
Qg5 Kf8 29. Be6 Nc5 30. Qxf6 Nxe6 31. axb6 Rxb6 32. Nxf7 Rxd1+ 33. Rxd1 Qxf7
34. Rd8+ Nxd8 35. Qxd8+ Kg7 36. Qxb6 Qc4 37. Qc7+ Kf6 38. Qd6+ Kf7 39. Qd3 Qc5
40. Kg2 Kf6 41. f4 Ke6 42. Qb3+ Ke7 43. fxe5 Qd4 44. Qb7+ Kf8 45. Qxc6 Qd2+ 46.
Kh3 Qe1 47. Qf6+ Ke8 48. Qxg6+ Kd8 49. Qf6+ Ke8 50. Qf3 Ke7 51. c4 Qa1 52. Qf6+
Ke8 53. Kg2 Qb2+ 54. Kf3 Qc1 55. Qe6+ Kf8 56. Qd6+ Ke8 57. Qd3 Ke7 58. c5 Kf7
59. e6+ Kg6 60. e5+ Kg7 61. Ke4 Qxc5 62. Kf5 Kh6 63. e7 Qc8+ 64. Kf6 Qc2 65.
Qe3+ Kh7 66. Qg5 Qc6+ 67. e6 Qc3+ 68. Qe5 1-0

[Event "4NCL Division 1a"]
[Site "Birmingham, ENG ENG"]
[Date "2015.11.14"]
[Round "1.132"]
[White "Shaw, John"]
[Black "Collins, Sam E"]
[Result "1/2-1/2"]
[WhiteElo "2439"]
[BlackElo "2456"]
[PlyCount "127"]
[EventDate "2015.11.14"]
[WhiteTeam "Wood Green HK"]
[BlackTeam "Barbican 4NCL 1"]

1. e4 e5 2. Nf3 Nc6 3. Nc3 Nf6 4. Be2 d5 5. exd5 Nxd5 6. O-O Nxc3 7. bxc3 e4 8.
Ne1 f5 9. f3 Bc5+ 10. Kh1 O-O 11. d4 exd3 12. cxd3 f4 13. d4 Bd6 14. Nd3 Qh4
15. Qe1 Qh5 16. Nf2 Bf5 17. Bd3 Rae8 18. Qd1 Ne7 19. Ne4 Kh8 20. c4 Bxe4 21.
fxe4 Qxd1 22. Rxd1 c5 23. Ba3 Nc6 24. Bxc5 Bxc5 25. dxc5 Re5 26. Rab1 Rf7 27.
Be2 g6 28. Rd5 Rxe4 29. Bd3 Re3 30. Kg1 Ne5 31. Bf1 Kg7 32. Rb3 Re4 33. Bd3
Nxd3 34. Rbxd3 Rxc4 35. Kf2 Rc2+ 36. Kf3 Rxa2 37. Rd7 Rb2 38. Rxf7+ Kxf7 39.
Rd7+ Ke6 40. Rxh7 a5 41. Rh8 Kd5 42. Ra8 Rb5 43. Kxf4 Kxc5 44. Kg5 Rb2 45. g4
Kb4 46. h4 Rh2 47. Rh8 a4 48. Kxg6 a3 49. h5 a2 50. Ra8 Rc2 51. Rxa2 Rxa2 52.
h6 Kc5 53. h7 Rh2 54. Kg7 Kd6 55. h8=Q Rxh8 56. Kxh8 Ke5 57. Kg7 b5 58. g5 b4
59. Kf7 b3 60. g6 b2 61. g7 b1=Q 62. g8=Q Qa2+ 63. Kg7 Qxg8+ 64. Kxg8 1/2-1/2

[Event "4NCL Division 1a"]
[Site "Birmingham, ENG ENG"]
[Date "2015.11.14"]
[Round "1.133"]
[White "Turner, Matthew J"]
[Black "McDonald, Neil"]
[Result "1/2-1/2"]
[WhiteElo "2491"]
[BlackElo "2415"]
[PlyCount "89"]
[EventDate "2015.11.14"]
[WhiteTeam "Barbican 4NCL 1"]
[BlackTeam "Wood Green HK"]

1. g3 d5 2. Nf3 Nf6 3. Bg2 e6 4. O-O Be7 5. d4 O-O 6. c4 dxc4 7. Qc2 a6 8. a4
Nc6 9. Qxc4 a5 10. Nc3 Nb4 11. Bg5 c6 12. Na2 b5 13. Qc1 bxa4 14. Ne5 Bb7 15.
Rd1 Nfd5 16. Bxe7 Qxe7 17. e4 Nxa2 18. Rxa2 Nb4 19. Rxa4 Rfd8 20. Nc4 c5 21.
dxc5 Nd3 22. Qc2 Nxc5 23. Rxa5 Rxd1+ 24. Qxd1 Rxa5 25. Nxa5 Bxe4 26. Bxe4 Nxe4
27. Nc6 Qc7 28. Qd4 Nf6 29. Qc5 Nd5 30. b4 h6 31. b5 Kh7 32. Qa7 Qxa7 33. Nxa7
Nb6 34. f4 Kg8 35. Kf2 Kf8 36. Nc6 Nd5 37. Kf3 Ke8 38. g4 Kd7 39. Ne5+ Ke7 40.
h4 f6 41. Nc4 Kd7 42. f5 e5 43. g5 hxg5 44. hxg5 fxg5 45. Ke4 1/2-1/2

[Event "4NCL Division 1a"]
[Site "Birmingham, ENG ENG"]
[Date "2015.11.14"]
[Round "1.134"]
[White "Fitzsimons, David"]
[Black "D`Costa, Lorin A R"]
[Result "1/2-1/2"]
[WhiteElo "2402"]
[BlackElo "2420"]
[PlyCount "111"]
[EventDate "2015.11.14"]
[WhiteTeam "Wood Green HK"]
[BlackTeam "Barbican 4NCL 1"]

1. e4 c5 2. Nf3 e6 3. g3 Nc6 4. Bg2 Nf6 5. Qe2 e5 6. O-O Be7 7. c3 O-O 8. Rd1
Re8 9. d4 cxd4 10. cxd4 exd4 11. Nxd4 Nxd4 12. Rxd4 Bc5 13. Rd1 d5 14. Nc3 Bg4
15. Bf3 Nxe4 16. Nxe4 Bxf3 17. Qxf3 Rxe4 18. Bf4 Bd4 19. Rd2 Qb6 20. Rad1 Rae8
21. Kg2 h6 22. b3 g5 23. Bc7 Qc5 24. Bd6 Qxd6 25. Rxd4 Rxd4 26. Rxd4 Re5 27. h4
Qe6 28. hxg5 hxg5 29. Qd3 a6 30. Qd2 Qf5 31. Rb4 Re7 32. Rd4 Re5 33. Rb4 Qd7
34. Qc3 Re6 35. Qd2 Re5 36. Qc3 Re6 37. Qd2 f6 38. Qd3 Kg7 39. a4 Qc6 40. Rd4
Re4 41. Kh2 Rxd4 42. Qxd4 Qe6 43. Qa7 Qd7 44. Qd4 Kg6 45. Kg1 Qe6 46. Qa7 Qe1+
47. Kh2 Qb4 48. Qe3 Qe4 49. Qb6 d4 50. Qd8 d3 51. Qg8+ Kf5 52. Qh7+ Ke5 53.
Qe7+ Kd4 54. Qb4+ Ke5 55. Qe7+ Kd4 56. Qb4+ 1/2-1/2

[Event "4NCL Division 1a"]
[Site "Birmingham, ENG ENG"]
[Date "2015.11.14"]
[Round "1.135"]
[White "Jackson, James P"]
[Black "Bednar, Marcel"]
[Result "1/2-1/2"]
[WhiteElo "2368"]
[BlackElo "2286"]
[PlyCount "93"]
[EventDate "2015.11.14"]
[WhiteTeam "Barbican 4NCL 1"]
[BlackTeam "Wood Green HK"]

1. e4 c5 2. Nf3 d6 3. d4 cxd4 4. Nxd4 Nf6 5. Nc3 a6 6. Bg5 e6 7. f4 b5 8. e5
dxe5 9. fxe5 Qc7 10. exf6 Qe5+ 11. Be2 Qxg5 12. O-O Ra7 13. Qd3 Rd7 14. Ne4 Qe5
15. Nf3 Qc7 16. Qe3 Bb7 17. Nfg5 h6 18. Qh3 Qe5 19. Bd3 Nc6 20. a3 Qd4+ 21. Kh1
Ne5 22. Nf3 Nxf3 23. Qxf3 Rg8 24. Rae1 gxf6 25. Qxf6 Bxe4 26. Bxe4 Qxf6 27.
Rxf6 Bg7 28. Rf3 Ke7 29. Rg3 Kf8 30. c3 Be5 31. Rd3 Rxd3 32. Bxd3 Rg5 33. Kg1
Bd6 34. b4 Ke7 35. Re3 Re5 36. Rxe5 Bxe5 37. c4 Bb2 38. cxb5 axb5 39. Bxb5 Bxa3
40. Kf2 Bxb4 41. Kf3 h5 42. g3 f5 43. h3 Kf6 44. g4 fxg4+ 45. hxg4 h4 46. g5+
Kxg5 47. Kg2 1/2-1/2

[Event "4NCL Division 1a"]
[Site "Birmingham, ENG ENG"]
[Date "2015.11.14"]
[Round "1.136"]
[White "Sadilek, Peter"]
[Black "Griffiths, Ryan Rhys"]
[Result "0-1"]
[WhiteElo "2280"]
[BlackElo "2340"]
[PlyCount "46"]
[EventDate "2015.11.14"]
[WhiteTeam "Wood Green HK"]
[BlackTeam "Barbican 4NCL 1"]

1. d4 Nf6 2. Nf3 e6 3. e3 b6 4. Bd3 Bb7 5. O-O c5 6. c4 cxd4 7. exd4 Be7 8. Nc3
O-O 9. d5 Na6 10. Re1 Re8 11. Bg5 Nxd5 12. Bxh7+ Kxh7 13. Ne5 Bxg5 14. Nxf7 Qe7
15. Qh5+ Kg8 16. Nxg5 Nf6 17. Qh4 g6 18. Rad1 Nc7 19. Re3 Kg7 20. Red3 Rad8 21.
Qg3 d5 22. Re3 d4 23. Nd5 dxe3 0-1

[Event "4NCL Division 1a"]
[Site "Birmingham, ENG ENG"]
[Date "2015.11.14"]
[Round "1.137"]
[White "Franklin, Samuel G A"]
[Black "Grant, Jonathan I M"]
[Result "1/2-1/2"]
[WhiteElo "2301"]
[BlackElo "2217"]
[PlyCount "102"]
[EventDate "2015.11.14"]
[WhiteTeam "Barbican 4NCL 1"]
[BlackTeam "Wood Green HK"]

1. e4 c6 2. c4 d5 3. exd5 cxd5 4. cxd5 Nf6 5. Nc3 Nxd5 6. Nf3 Nc6 7. Bb5 e6 8.
O-O Be7 9. d4 O-O 10. Re1 Bd7 11. Bc4 Nb6 12. Bd3 Nb4 13. Bb1 Rc8 14. a3 N4d5
15. Qd3 g6 16. Ba2 Bc6 17. Ne5 Bf6 18. Ne4 Bg7 19. Bg5 f6 20. Nxc6 Rxc6 21. Bd2
Kh8 22. Rac1 Rxc1 23. Bxc1 Qc8 24. b4 Rd8 25. Qf3 Qc6 26. Nc5 Nc7 27. Qxc6 bxc6
28. Nxe6 Re8 29. Kf1 Nb5 30. Bb3 Nd5 31. Bb2 Bh6 32. Nc5 Rd8 33. g3 Bd2 34. Re6
Bc3 35. Bxc3 Ndxc3 36. Rxc6 Nxd4 37. Rxf6 Ndb5 38. Ne6 Re8 39. a4 Ne4 40. Rf8+
Rxf8 41. Nxf8 Nd4 42. Bd1 Nf6 43. g4 g5 44. f4 gxf4 45. g5 Ne4 46. a5 f3 47. b5
f2 48. Be2 Nc2 49. Kg2 Ne1+ 50. Kf1 Nc2 51. Kg2 Ne1+ 1/2-1/2

[Event "4NCL Division 1a"]
[Site "Birmingham, ENG ENG"]
[Date "2015.11.14"]
[Round "1.138"]
[White "Hegarty, Sarah N"]
[Black "Lauterbach, Ingrid"]
[Result "1-0"]
[WhiteElo "2095"]
[BlackElo "2077"]
[PlyCount "101"]
[EventDate "2015.11.14"]
[WhiteTeam "Wood Green HK"]
[BlackTeam "Barbican 4NCL 1"]

1. e4 d5 2. exd5 Qxd5 3. Nc3 Qd6 4. d4 Nf6 5. Bc4 a6 6. Nf3 b5 7. Bb3 Bb7 8.
Ne5 e6 9. Bf4 Qb6 10. O-O c5 11. dxc5 Bxc5 12. a4 O-O 13. Qe2 Nc6 14. Nf3 b4
15. Nd1 Na5 16. Ba2 b3 17. Bb1 bxc2 18. Bxc2 Nb3 19. Rb1 Bxf3 20. Qxf3 Nd4 21.
Qd3 Nxc2 22. Qxc2 Rac8 23. Qe2 Qb4 24. Be5 Nd7 25. b3 Nxe5 26. Qxe5 Bd4 27. Qe2
a5 28. Qe1 Qc5 29. Nb2 Bc3 30. Qe2 Rfd8 31. Nc4 Qf5 32. Rbd1 Qc5 33. Qf3 Bd4
34. g3 g6 35. Kg2 Rb8 36. Rd3 e5 37. g4 Re8 38. Qe4 Rb4 39. f4 f6 40. fxe5 Bxe5
41. Rxf6 Bxf6 42. Qxe8+ Kg7 43. Qd7+ Kh6 44. Rh3+ Kg5 45. Qd2+ Kxg4 46. Ne3+
Kg5 47. Nd5+ Kg4 48. Nxf6+ Kf5 49. Rf3+ Ke6 50. Qd7+ Ke5 51. Ng4+ 1-0

[Event "4NCL Division 1a"]
[Site "Birmingham, ENG ENG"]
[Date "2015.11.14"]
[Round "1.141"]
[White "Barry, Colm"]
[Black "Fernandez, Daniel Howard"]
[Result "0-1"]
[WhiteElo "2262"]
[BlackElo "2476"]
[PlyCount "106"]
[EventDate "2015.11.14"]
[WhiteTeam "White Rose 2"]
[BlackTeam "Guildford 2"]

1. e4 c5 2. Nf3 d6 3. d4 Nf6 4. dxc5 Nxe4 5. cxd6 Nxd6 6. Nbd2 g6 7. Nc4 Bg7 8.
Nxd6+ Qxd6 9. Qxd6 exd6 10. Be2 Nc6 11. c3 Be6 12. O-O a6 13. Rd1 Rd8 14. Bf4
Ke7 15. Bg5+ Bf6 16. Bxf6+ Kxf6 17. Nd4 Rd7 18. f4 h5 19. a4 Rc8 20. a5 Ne7 21.
Bf3 Bg4 22. Kf2 Bxf3 23. Kxf3 Rc5 24. Ra4 Nc6 25. Rda1 Re7 26. g3 Rd5 27. h3
Nxd4+ 28. Rxd4 Rxd4 29. cxd4 Rc7 30. Ra4 Ke6 31. Rb4 Kd5 32. g4 f5 33. gxh5
gxh5 34. Kg3 Ke4 35. d5+ Kxd5 36. Kh4 Kc5 37. Rb3 d5 38. Kg5 d4 39. Rd3 Kd5 40.
Kxf5 Rf7+ 41. Kg5 Ke4 42. Rd1 Rf5+ 43. Kg6 Rxf4 44. Kxh5 d3 45. Kg5 Rf5+ 46.
Kg4 Rxa5 47. h4 Rd5 48. h5 d2 49. h6 Kd3 50. h7 Rd8 51. Rh1 Rh8 52. Kf4 Kc2 53.
Rh2 Kc1 0-1